[Event "AUTO-OPEN-2682"]
[Site "http://www.queenalice.com/game.php?id=1058396"]
[Date "2012.5.11"]
[Round "1"]
[White "rubenov"]
[Black "leokhine"]
[Result "1-0"]
[WhiteElo "1952"]
[BlackElo "1814"]

1. d4 e6 2. e4 d5 3. e5 c5 4. c3 Nc6 5. Nf3 Qb6 6. Be2 f6 7. exf6 Nxf6 8. dxc5
Bxc5 9. O-O O-O 10. b4 Bd6 11. a3 Qc7 12. h3 Bd7 13. Nbd2 Qc8 14. Bb2 e5 15. c4
e4 16. Nd4 Bxh3 17. Nxc6 bxc6 18. c5 Bc7 19. f3 exf3 20. Bxf3 Bg4 21. Bxf6 Bxf3
22. Rxf3 Rxf6 23. Rxf6 gxf6 24. Qh5 Qe6 25. Re1 Be5 26. Nf3 Re8 27. Kh1 a6 28.
Nd4 Qd7 29. Nf5 Kh8 30. Nd6 Re7 31. Nf5 Rf7 32. Nh6 Rg7 33. Rxe5 fxe5 34. Qxe5
Qc8 35. Nf5 Qg8 36. Nxg7 Qxg7 37. Qe8+ Qg8 38. Qxc6 d4 39. Qf6+ Qg7 40. Qxg7+
Kxg7 41. Kg1 Kf7 42. Kf2 Ke6 43. Ke2 Kd5 44. Kd3 h5 45. g3 Ke5 46. c6 Kd6 47. c7
Kxc7 48. Kxd4 Kb6 49. Kc4 Kc6 50. a4 Kb6 51. Kd5 a5 52. b5 Kc7 53. Ke6 Kb6 54.
Kd6 Kb7 55. Kc5 Kc7 56. b6+ Kb7 57. Kb5 Ka8 58. Kxa5 Kb7 59. Kb5 Kb8 60. Kc6 Ka8
61. Kc7 h4 62. b7+ 1-0

[Event "AUTO-OPEN-2682"]
[Site "http://www.queenalice.com/game.php?id=1058397"]
[Date "2012.5.11"]
[Round "1"]
[White "leokhine"]
[Black "rubenov"]
[Result "0-1"]
[WhiteElo "1821"]
[BlackElo "1943"]

1. e4 b6 2. Nf3 Ba6 3. Bxa6 Nxa6 4. O-O e6 5. Nc3 Be7 6. d4 c6 7. Be3 Nc7 8. a3
a5 9. Re1 d5 10. exd5 cxd5 11. Ne5 Qd6 12. Qf3 Nf6 13. a4 O-O 14. Qg3 Nd7 15.
Bh6 Bf6 16. Re3 Qe7 17. Qg4 Kh8 18. Bf4 Bxe5 19. Bxe5 Nxe5 20. Rxe5 Qf6 21. Rae1
Na6 22. Nb5 Nb4 23. R1e2 Rac8 24. Nc3 Rc4 25. b3 Rxc3 26. Rg5 Rxc2 27. Rxc2 Nxc2
28. Re5 Rc8 29. h3 Rc3 30. Qd1 Nb4 31. f3 Rc2 32. Kf1 Qg6 33. g4 Qh6 34. g5
Qxh3+ 0-1

[Event "AUTO-OPEN-2682"]
[Site "http://www.queenalice.com/game.php?id=1058410"]
[Date "2012.5.11"]
[Round "1"]
[White "leokhine"]
[Black "thedocwat"]
[Result "0-1"]
[WhiteElo "1826"]
[BlackElo "2189"]

1. e4 c5 2. Nf3 d6 3. d4 cxd4 4. c3 Nf6 5. Bd3 dxc3 6. Nxc3 Nc6 7. O-O e6 8. Re1
Be7 9. Be3 O-O 10. Qd2 Ng4 11. h3 Nxe3 12. Qxe3 Nb4 13. Qd2 Nxd3 14. Qxd3 Bd7
15. Rad1 Rc8 16. e5 d5 17. Qd4 Bc5 18. Qg4 f6 19. exf6 Rxf6 20. Kh1 Bxf2 21. Re2
Rc4 22. Nd4 Bxd4 23. Qg3 Qf8 24. Kh2 Bf2 25. Qd3 Bc6 26. Rdd2 Rcf4 27. g3 Rf3
28. Qc2 Qb8 29. Kh1 Qxg3 30. Rxf2 Rxf2 31. Rxf2 Rxf2 0-1

[Event "AUTO-OPEN-2682"]
[Site "http://www.queenalice.com/game.php?id=1058411"]
[Date "2012.5.11"]
[Round "1"]
[White "thedocwat"]
[Black "leokhine"]
[Result "1-0"]
[WhiteElo "2205"]
[BlackElo "1808"]

1. e4 e6 2. Nf3 d5 3. Nc3 c6 4. d4 Bb4 5. e5 c5 6. a3 Bxc3+ 7. bxc3 Nc6 8. Be2
c4 9. O-O Nge7 10. Qd2 O-O 11. Qg5 Ng6 12. Qh5 f6 13. Bd1 fxe5 14. Ng5 h6 15.
Qxg6 hxg5 16. Bxg5 Qe8 17. Qxe8 Rxe8 18. Bh5 Rf8 19. Rad1 exd4 20. cxd4 Rf5 21.
f4 Kh7 22. Bg4 Rf8 23. Rfe1 Re8 24. f5 e5 25. dxe5 Rxe5 26. Rxe5 Nxe5 27. Bh3
Nf7 28. Bf4 Bd7 29. Rxd5 Bc6 30. Rc5 Rd8 31. Rxc4 Nh6 32. Be3 a6 33. Rh4 Re8 34.
Bf4 Re2 35. f6 1-0

[Event "AUTO-ADV-2500"]
[Site "http://www.queenalice.com/game.php?id=1058564"]
[Date "2012.5.11"]
[Round "1"]
[White "massimo"]
[Black "leokhine"]
[Result "1-0"]
[WhiteElo "1877"]
[BlackElo "1769"]

1. e4 e6 2. Nf3 d5 3. exd5 exd5 4. Be2 Nf6 5. b3 g6 6. O-O Bg7 7. Bb5+ c6 8. Bd3
O-O 9. Bb2 Re8 10. a4 Be6 11. c4 dxc4 12. Bxc4 Bxc4 13. bxc4 Na6 14. d4 Nd7 15.
Ra3 Nf8 16. Qd2 c5 17. d5 Bxb2 18. Qxb2 b6 19. Ne5 Qd6 20. Re3 Nb4 21. Nc3 a6
22. Ng4 f6 23. Ne4 Qc7 24. Nexf6+ Kf7 25. Nh6+ Kg7 26. Nxe8+ 1-0

[Event "AUTO-ADV-2500"]
[Site "http://www.queenalice.com/game.php?id=1058565"]
[Date "2012.5.11"]
[Round "1"]
[White "leokhine"]
[Black "massimo"]
[Result "0-1"]
[WhiteElo "1791"]
[BlackElo "1871"]

1. e4 e5 2. Nf3 d6 3. Bc4 h6 4. Nc3 Nf6 5. O-O Be7 6. d3 O-O 7. h3 Nc6 8. Be3 a6
9. a3 Na5 10. Ba2 c5 11. Qd2 b5 12. Bxh6 gxh6 13. Qxh6 Nh7 14. Nd5 Bg5 15. Nxg5
Qxg5 16. Qxg5+ Nxg5 17. h4 Ne6 18. f4 Nd4 19. fxe5 dxe5 20. c3 Ne2+ 21. Kh2 Nc6
22. Rae1 Bg4 23. Nf6+ Kh8 24. Nxg4 Nf4 25. Re3 Na5 26. g3 Ne6 27. Ref3 c4 28.
dxc4 Nxc4 29. Bxc4 bxc4 30. Nxe5 Rab8 31. Nxf7+ Kg7 32. Nd6 Rxf3 33. Rxf3 Rxb2+
34. Kh3 Rb3 35. Nxc4 Nd4 36. Re3 Kg6 37. Kg4 Nc2 38. Re2 Rxc3 39. Ne5+ Kg7 40.
h5 Nxa3 41. Nf3 Nb5 42. e5 Rc4+ 43. Kf5 Rc3 44. Rf2 a5 45. g4 a4 46. Nh4 a3 47.
Nf3 Rxf3+ 48. Rxf3 Nd4+ 49. Kf4 Nxf3 50. Kxf3 a2 51. h6+ Kxh6 52. e6 a1=Q 53.
Kf4 Qf6+ 54. Kg3 Qxe6 55. Kh4 Qe1+ 56. Kh3 Kg5 57. Kh2 Kxg4 58. Kg2 Qe2+ 59. Kg1
Kg3 0-1

[Event "AUTO-ADV-2500"]
[Site "http://www.queenalice.com/game.php?id=1058584"]
[Date "2012.5.11"]
[Round "1"]
[White "leokhine"]
[Black "Constante"]
[Result "0-1"]
[WhiteElo "1770"]
[BlackElo "2047"]

1. e4 c5 2. Nf3 d6 3. c3 g6 4. d4 Qc7 5. Be3 Bg7 6. Be2 Nf6 7. Nbd2 Bg4 8. h3
Be6 9. O-O Nc6 10. b3 Bd7 11. d5 Nd8 12. c4 Nh5 13. Rb1 O-O 14. b4 b6 15. b5 e6
16. a4 e5 17. Nh2 Nf6 18. f4 exf4 19. Bxf4 Ne8 20. Bg3 Be5 21. Qe1 f5 22. exf5
Bxf5 23. Rb3 Qg7 24. Bxe5 Qxe5 25. Bd1 Nf7 26. Re3 Qg7 27. Bg4 Nh6 28. Bxf5 Nxf5
29. Ref3 Qd4+ 30. Kh1 Neg7 31. g4 Rfe8 32. Qf2 Qxf2 33. R1xf2 Re1+ 34. Rf1 Rxf1+
0-1

[Event "AUTO-ADV-2500"]
[Site "http://www.queenalice.com/game.php?id=1058585"]
[Date "2012.5.11"]
[Round "1"]
[White "Constante"]
[Black "leokhine"]
[Result "1-0"]
[WhiteElo "2052"]
[BlackElo "1765"]

1. e4 e6 2. d4 d5 3. Nd2 c5 4. Ngf3 Nc6 5. Bb5 Qb6 6. Bxc6+ bxc6 7. O-O cxd4 8.
exd5 cxd5 9. Nb3 Nf6 10. Nbxd4 Bc5 11. c3 O-O 12. Qc2 g6 13. Bh6 Re8 14. Qd2 Ne4
15. Qc2 Bd6 16. Nd2 f5 17. N2f3 Qc7 18. Nb5 Qe7 19. Rae1 Ba6 20. a4 Rab8 21.
Nfd4 Rec8 22. f3 Nc5 23. b4 Bxb5 24. Nxb5 Na6 25. Qe2 Re8 26. f4 Nc7 27. Nd4 Qd7
28. b5 Bc5 29. Kh1 Bxd4 30. cxd4 Qd6 31. Rc1 Kf7 32. Rc6 1-0

[Event "Challenge"]
[Site "http://www.queenalice.com/game.php?id=1058995"]
[Date "2012.5.12"]
[Round "-"]
[White "leokhine"]
[Black "Publio"]
[Result "1-0"]
[WhiteElo "1762"]
[BlackElo "1749"]

1. e4 e5 2. Nf3 d6 3. Nc3 Nf6 4. Bc4 Bg4 5. d3 h6 6. h3 Bxf3 7. Qxf3 Be7 8. Nd5
c6 9. Nxf6+ Bxf6 10. Be3 b5 11. Bb3 c5 12. a3 Nc6 13. O-O-O a5 14. Bd5 Ra6 15.
g4 Nd4 16. Bxd4 cxd4 17. h4 O-O 18. Qh3 g5 19. hxg5 Bxg5+ 20. Kb1 Kg7 21. Rdf1
b4 22. a4 Ra7 23. b3 Rc7 24. Bc4 Qf6 25. f3 Qf4 26. Rd1 f6 27. Kb2 Kg6 28. Qh5+
Kg7 29. Qh3 Kg6 30. Qh5+ Kg7 31. Qh3 Rh8 32. Ka2 Kf8 33. Kb2 Rch7 34. Be6 h5 35.
gxh5 Rxh5 36. Qg2 Rh4 37. Rxh4 Bxh4 38. Qg6 Rh7 39. Qg8+ Ke7 40. Qxh7+ Kxe6 41.
Qg8+ Ke7 42. Rg1 Bg5 43. Rh1 Bh6 44. Qh7+ Ke6 45. Rxh6 d5 46. Qg8+ Kd7 47. Rh7+
Kc6 48. Qxd5+ Kb6 49. Rb7+ Ka6 50. Qb5# 1-0

[Event "AUTO-ADV-2506"]
[Site "http://www.queenalice.com/game.php?id=1060679"]
[Date "2012.5.17"]
[Round "1"]
[White "maurice91"]
[Black "leokhine"]
[Result "1/2-1/2"]
[WhiteElo "1808"]
[BlackElo "1804"]

1. d4 e6 2. c4 d5 3. Nc3 Nf6 4. Nf3 c5 5. Bg5 Nc6 6. dxc5 Bxc5 7. Bxf6 Qxf6 8.
cxd5 exd5 9. Nxd5 Qd8 10. e4 O-O 11. Bc4 Be6 12. a3 a5 13. O-O Re8 14. Ba2 Rb8
15. Re1 Bxd5 16. Qxd5 Qxd5 17. Bxd5 Ne5 18. Nxe5 Rxe5 19. Kf1 b5 20. f4 Ree8 21.
Rab1 b4 22. axb4 Bxb4 23. Re2 Ba3 24. b3 Kf8 25. e5 Red8 26. Bc4 Bb4 27. g4 Rd2
28. Rb2 Rbd8 29. Kf2 Rxb2 30. Rxb2 Rd2+ 31. Rxd2 Bxd2 32. Kf3 Ke7 33. h4 f6 34.
e6 Kd6 35. Ke4 g6 36. f5 gxf5+ 37. Kxf5 Ke7 38. Ke4 Kd6 39. Kf5 Ke7 40. Bb5 Bc1
41. Bd7 Bd2 42. Ke4 Be1 43. h5 Bd2 44. Kf5 Bc1 45. Bb5 Bd2 1/2-1/2

[Event "AUTO-ADV-2506"]
[Site "http://www.queenalice.com/game.php?id=1060680"]
[Date "2012.5.17"]
[Round "1"]
[White "leokhine"]
[Black "maurice91"]
[Result "1-0"]
[WhiteElo "1799"]
[BlackElo "1767"]

1. e4 c6 2. Nf3 d5 3. exd5 cxd5 4. d4 Nc6 5. Bb5 Bd7 6. Nc3 e6 7. O-O Nf6 8. Re1
Be7 9. a3 Rc8 10. Bd3 h6 11. h3 Bd6 12. Nb5 Bb8 13. b3 a6 14. Nc3 O-O 15. Bd2
Ba7 16. Be3 Ne7 17. Qd2 Nf5 18. Bxf5 exf5 19. Ne2 Ne4 20. Qd3 g5 21. Ne5 f4 22.
Bc1 f5 23. f3 Nd6 24. c3 Bb5 25. Qd2 Bxe2 26. Rxe2 Kg7 27. Kh2 Nb5 28. Bb2 Bb8
29. Rae1 Re8 30. a4 Na7 31. c4 dxc4 32. Nxc4 Rxe2 33. Qxe2 Qf8 34. d5+ Kg8 35.
Qe6+ Kh7 36. Qe7+ Qxe7 37. Rxe7+ Kg8 38. Rxb7 a5 39. Rg7+ Kf8 40. Rh7 Re8 41.
Rxh6 Nc8 42. Rg6 Ba7 43. Rxg5 Ke7 44. Rxf5 Nd6 45. Rxf4 Nxc4 46. bxc4 Bb8 47.
Ba3+ Kd7 48. d6 Re3 49. Bc5 Re6 50. Rd4 Kc6 51. Ba3 Kd7 52. c5 Re3 53. Bc1 Rc3
54. Bf4 Rxc5 55. Kg3 Rf5 56. Kg4 Rf7 57. g3 Rg7+ 58. Bg5 Ba7 59. Rd5 Bb6 60. h4
Ke6 61. Rb5 Bd8 62. f4 Kxd6 63. Kh5 Bc7 64. Kh6 Rf7 65. h5 Kc6 66. Kg6 Rd7 67.
h6 Rd6+ 68. Kh5 Rd7 69. g4 Bb6 70. f5 Bd4 71. Rxa5 Rf7 72. Kg6 Rd7 73. h7 Rd6+
74. f6 Rd8 75. Kh6 Bb6 76. Rf5 Bc5 77. f7 Rf8 78. Kg7 1-0

[Event "AUTO-ADV-2506"]
[Site "http://www.queenalice.com/game.php?id=1060693"]
[Date "2012.5.17"]
[Round "1"]
[White "leokhine"]
[Black "plot24"]
[Result "0-1"]
[WhiteElo "1780"]
[BlackElo "1918"]

1. e4 e5 2. Nf3 Nc6 3. Nc3 Nf6 4. Bc4 Be7 5. O-O d6 6. d3 O-O 7. h3 Re8 8. Re1
Bf8 9. a3 h6 10. Nd5 Nxd5 11. Bxd5 Ne7 12. Ba2 c6 13. Be3 Ng6 14. Qd2 Qf6 15.
Bxh6 gxh6 16. Qxh6 Bxh6 17. c3 Bxh3 0-1

[Event "AUTO-ADV-2506"]
[Site "http://www.queenalice.com/game.php?id=1060694"]
[Date "2012.5.17"]
[Round "1"]
[White "plot24"]
[Black "leokhine"]
[Result "1/2-1/2"]
[WhiteElo "1929"]
[BlackElo "1770"]

1. d4 d5 2. e3 e6 3. c4 c5 4. cxd5 exd5 5. Bb5+ Bd7 6. Nc3 Nf6 7. Bxd7+ Nbxd7 8.
Nf3 Be7 9. Qb3 O-O 10. Nxd5 Nxd5 11. Qxd5 b6 12. dxc5 Bxc5 13. O-O Nf6 14. Qxd8
Raxd8 15. Nd2 Rfe8 16. b3 a6 17. Nc4 b5 18. Nb2 a5 19. a4 bxa4 20. Rxa4 Bb4 21.
Nc4 Ra8 22. Bb2 Re6 23. Rfa1 Rd8 24. Bxf6 Rxf6 25. Kf1 Rf5 26. e4 Rc5 27. Nxa5
Bxa5 28. Rxa5 Rcc8 29. R5a2 g6 30. Rb1 Re8 31. Re2 Rb8 32. f4 Rb4 33. g3 Rbxe4
34. Rxe4 Rxe4 35. b4 Re8 36. b5 Rb8 37. Ke2 Kf8 38. Kd3 Ke8 39. Kc4 Kd7 40. Kc5
Kc7 41. b6+ Kb7 42. Kd6 f5 43. h4 Rd8+ 44. Kc5 Rd3 45. Ra1 Rxg3 46. Ra7+ Kb8 47.
Rxh7 Rf3 48. Kc6 Rc3+ 49. Kd7 Rc4 50. Rg7 Rxf4 51. Rxg6 Rxh4 52. Rf6 Rf4 53. Kc6
Rc4+ 54. Kd5 Rb4 55. Kc6 Rc4+ 56. Kd5 Rb4 1/2-1/2

[Event "AUTO-ADV-2506"]
[Site "http://www.queenalice.com/game.php?id=1060695"]
[Date "2012.5.17"]
[Round "1"]
[White "leokhine"]
[Black "andrevillares"]
[Result "0-1"]
[WhiteElo "1806"]
[BlackElo "1999"]

1. e4 c6 2. Nf3 d5 3. exd5 cxd5 4. d4 Nc6 5. Nc3 Bg4 6. Be2 e6 7. O-O Rc8 8. a3
Bd6 9. Be3 Nf6 10. h3 Bh5 11. Nd2 Bxe2 12. Nxe2 O-O 13. c3 e5 14. dxe5 Nxe5 15.
Nd4 Bb8 16. N2f3 Nc4 17. Bc1 Re8 18. Re1 Ne4 19. Qd3 Qf6 20. b3 Ne5 21. Qe3 Rxc3
22. Qe2 h6 23. Be3 Nxf3+ 24. Qxf3 Qxf3 25. Nxf3 Rxb3 26. Reb1 Rxb1+ 27. Rxb1 b6
28. Nd4 Rc8 29. f3 Nc3 30. Rb3 Be5 31. f4 Bxd4 32. Bxd4 Ne2+ 33. Kh2 Nxd4 34.
Rd3 Rc4 35. Kg3 g6 36. Kh2 Kg7 37. h4 Kf6 38. g3 Kf5 39. Re3 Kg4 40. Re7 Rc2+
41. Kh1 Nf3 42. Rxf7 Rh2# 0-1

[Event "AUTO-ADV-2506"]
[Site "http://www.queenalice.com/game.php?id=1060696"]
[Date "2012.5.17"]
[Round "1"]
[White "andrevillares"]
[Black "leokhine"]
[Result "1-0"]
[WhiteElo "1931"]
[BlackElo "1780"]

1. d4 e6 2. c4 d5 3. Nc3 Nf6 4. Bg5 Be7 5. Nf3 Nc6 6. Rc1 O-O 7. e3 a6 8. Bd3
Re8 9. O-O h6 10. Bh4 Nd7 11. Bxe7 Nxe7 12. c5 Nf6 13. b4 b6 14. a4 Nc6 15. cxb6
cxb6 16. b5 axb5 17. Bxb5 Bb7 18. Na2 Qd6 19. Ne5 Rec8 20. f4 Ne4 21. Qh5 Nxe5
22. fxe5 Qe7 23. Nb4 Rf8 24. Nd3 Qg5 25. Qxg5 Nxg5 26. Rc7 Ba6 27. Rc6 Bxb5 28.
axb5 Rfb8 29. Rc7 Rf8 30. Nb4 Ra5 31. h4 Ne4 32. Nc6 Rxb5 33. Ne7+ Kh7 34. Nc8
Rb3 35. Rfxf7 Rxf7 36. Rxf7 Rxe3 37. Rb7 Rd3 38. Rxb6 Rxd4 39. Rxe6 Nc5 40. Rd6
h5 41. e6 Re4 42. e7 d4 43. Rxd4 Rxd4 44. e8=Q Rxh4 45. Qe7 Rc4 46. Nd6 Rc1+ 47.
Kh2 Rf1 48. Qe2 Rf6 49. Qc2+ Kh8 50. Qxc5 Kh7 51. Ne4 Rh6 52. Qf5+ Kg8 53. Ng5
Rf6 54. Qh7+ Kf8 55. Qh8+ 1-0

[Event "AUTO-ADV-2479"]
[Site "http://www.queenalice.com/game.php?id=1082582"]
[Date "2012.7.14"]
[Round "2"]
[White "jadoube1962"]
[Black "leokhine"]
[Result "1-0"]
[WhiteElo "2030"]
[BlackElo "1760"]

1. d4 e6 2. c4 c5 3. d5 exd5 4. cxd5 d6 5. Nc3 Nf6 6. e4 g6 7. Nf3 Bg7 8. h3 O-O
9. Bd3 Bd7 10. Bf4 Bc8 11. Nb5 Ne8 12. Qd2 a6 13. Nc3 b5 14. O-O c4 15. Bc2 1-0

[Event "AUTO-ADV-2479"]
[Site "http://www.queenalice.com/game.php?id=1082583"]
[Date "2012.7.14"]
[Round "2"]
[White "leokhine"]
[Black "jadoube1962"]
[Result "0-1"]
[WhiteElo "1755"]
[BlackElo "2035"]

1. e4 e5 2. Nf3 Nc6 3. Nc3 Bc5 4. d3 d6 5. Be3 Bxe3 6. fxe3 Nf6 7. Qd2 Bg4 8. h3
Be6 9. b3 h6 10. O-O-O O-O 11. g4 Nd7 12. Be2 a5 13. Rdg1 Ne7 14. h4 g6 0-1

[Event "AUTO-ADV-2479"]
[Site "http://www.queenalice.com/game.php?id=1082588"]
[Date "2012.7.14"]
[Round "2"]
[White "leokhine"]
[Black "Mick_Gray"]
[Result "0-1"]
[WhiteElo "1750"]
[BlackElo "1766"]

1. e4 d6 2. d4 Nf6 3. Nc3 g6 4. Be3 Bg7 5. Qb1 a5 6. a3 Ng4 7. Qc1 e5 8. d5 f5
9. f3 Nxe3 10. Qxe3 f4 11. Qd2 O-O 12. O-O-O Rf6 13. Nh3 c6 14. g3 Bh6 15. Kb1
g5 16. gxf4 Bxh3 17. Bxh3 Rxf4 18. Rdf1 Qf6 19. Bg4 Qf8 20. h4 Nd7 21. Bxd7 c5
22. Be6+ Kg7 0-1